Grammys 2025 nominations for best pop song - Statistics

General Stats
  • This quiz has been taken 163 times
  • The average score is 6 of 8
Answer Stats
Hint Answer % Correct
Kendrick Lamar Not Like Us
88%
Billie Eilish BIRDS OF A FEATHER
86%
Lady Gaga & Bruno Mars Die With a Smile
86%
Taylor Swift & Post Malone Fortnight
83%
Sabrina Carpenter Please Please Please
80%
Chappell Roan Good Luck, Babe!
78%
Beyoncé TEXAS HOLD EM
74%
Shaboozey A Bar Song (Tipsy)
63%
No matching quizzes found
Score Distribution
Percent of People with Each Score
Percentile by Number Answered
Your Score History
You have not taken this quiz